| 000 | 00879nam a22001337a 4500 | ||
|---|---|---|---|
| 040 | _cRUA | ||
| 082 | _aAGI SO 2023 B1.282 Or.1 | ||
| 100 | _aSO LYHONG, សូ លីហុង | ||
| 245 | _aDetection and Evaluation of antimicrobial resistance profiles on Vibrio spp. And Aeromonas spp. from pangasius fish in siem reap province, ការរកវត្តមាន នងវាយតម្លៃលក្ខណៈភាពស៊ាំរបស់បាក់តេរី vibrio spp. និងAeromonas spp. ទៅនឹងឳសថប្រឆាំងមេរោគដែលយកពីត្រីប្រាលើទីផ្សារក្នុងខេត្តសៀមរាប. | ||
| 260 |
_aphnom penh _brua _c2023 |
||
| 300 |
_axiii, _bill, _c29cm, |
||
| 856 | _uhttps://drive.google.com/file/d/1jWDGoQhqAa5Z6EN4QRKtOYULrXkdpLY0/view?usp=sharing | ||
| 942 | _cAGI | ||
| 999 |
_c24367 _d24367 |
||